[Event "Landesklasse West 2024/25"]
[Site "?"]
[Date "2024.12.08"]
[Round "4.2"]
[White "Messerschmidt, Nick"]
[Black "Meyer, Thomas"]
[Result "1-0"]
[WhiteElo "1959"]
[BlackElo "1930"]
[PlyCount "63"]
[EventDate "2024.09.15"]
[EventType "team-tourn"]
[EventRounds "9"]
[WhiteTeam "SG Barchfeld/Breitungen"]
[BlackTeam "VfB 1919 Vacha"]

{[%evp 0,63,25,21,39,-20,-11,-7,4,-28,10,20,33,44,48,55,50,40,30,36,40,30,28,17,21,-3,-7,-14,-2,-8,-11,-19,23,-18,3,-13,-9,-38,-37,-41,-46,-44,-22,-22,93,93,378,305,412,270,598,636,705,726,1069,1359,29987,1414,1414,1414,1414,29992,29993,1757,2080,2198]} 1. d4 e6 2. c4 d5 3. Nc3 Nf6 4. Bg5 Be7 5. e3 c6 6. Nf3 Nbd7 7. Bd3 h6 8. Bh4 O-O 9. O-O b6 10. cxd5 cxd5 11. Rc1 a6 12. Bb1 Bb7 13. Ne5 Nxe5 14. dxe5 Nd7 15. Bg3 g6 16. Qg4 Kg7 17. Ne2 h5 18. Qd4 h4 19. Bf4 g5 20. Bxg5 Bxg5 21. f4 Be7 22. f5 exf5 23. Rxf5 Rg8 24. Rcf1 f6 25. Qxh4 Nxe5 26. Rxe5 Qd6 27. Rg5+ Kf8 28. Qh6+ Kf7 29. Qh7+ Ke6 30. Bf5+ Ke5 31. Rxg8 Qc5 32. Nd4 1-0

[Event "Landesklasse West 2024/25"]
[Site "?"]
[Date "2024.12.08"]
[Round "4.3"]
[White "Korn, Kevin"]
[Black "Trappe, Tilman"]
[Result "1-0"]
[WhiteElo "1570"]
[BlackElo "1626"]
[PlyCount "71"]
[EventDate "2024.09.15"]
[EventType "team-tourn"]
[EventRounds "9"]
[WhiteTeam "VfB 1919 Vacha"]
[BlackTeam "SG Barchfeld/Breitungen"]

{[%evp 0,71,25,25,40,-6,-27,-35,-36,-26,-36,-75,-37,-44,-75,-150,-86,-88,-80,-86,-82,-195,-162,-162,-158,-138,-139,-129,-156,-138,-91,-100,50,57,181,192,220,226,327,239,416,449,655,439,553,553,791,664,737,511,639,453,515,505,647,705,884,508,467,442,487,484,550,526,1487,1589,2074,2458,2514,29974,29981,29982,29999,-30000]} 1. e4 e6 2. c4 d5 3. cxd5 exd5 4. e5 c5 5. d4 Nc6 6. Bb5 Qb6 7. Bxc6+ bxc6 8. Nf3 cxd4 9. Qxd4 Bc5 10. Qh4 Ne7 11. O-O Ba6 12. Rd1 Nf5 13. Qf4 Bxf2+ 14. Kh1 g6 15. Nc3 Be3 16. Bxe3 Qxe3 17. Qa4 O-O 18. Qxa6 Rab8 19. Rd2 h5 20. Qxc6 h4 21. Re1 Qh6 22. Nxd5 h3 23. Nf6+ Kg7 24. Ng4 hxg2+ 25. Kg1 Qh3 26. Rxg2 Rb4 27. Nf2 Qh5 28. Rg5 Qh6 29. Qf6+ Kh7 30. Rg4 Rxb2 31. e6 Rb7 32. Ng5+ Kg8 33. exf7+ Rbxf7 34. Nxf7 Rxf7 35. Re8+ Kh7 36. Qh8# 1-0

[Event "Landesklasse West 2024/25"]
[Site "?"]
[Date "2024.12.08"]
[Round "4.4"]
[White "Theer, Tino"]
[Black "Laut, Martin"]
[Result "1-0"]
[WhiteElo "1762"]
[BlackElo "1539"]
[PlyCount "73"]
[EventDate "2024.09.15"]
[EventType "team-tourn"]
[EventRounds "9"]
[WhiteTeam "SG Barchfeld/Breitungen"]
[BlackTeam "VfB 1919 Vacha"]

{[%evp 0,73,25,21,21,-11,43,14,28,24,78,20,63,57,59,59,58,78,77,79,64,57,37,37,71,67,69,28,28,25,24,9,5,14,19,18,39,28,49,30,43,30,78,65,518,646,660,702,653,626,625,643,687,678,887,623,648,515,514,520,524,534,536,521,526,505,511,537,573,563,587,587,597,628,651,656]} 1. d4 d5 2. c4 c6 3. Nc3 Nf6 4. Nf3 Bg4 5. e3 dxc4 6. Bxc4 e6 7. O-O Bd6 8. e4 Bb4 9. Bg5 h6 10. Bxf6 Qxf6 11. Be2 O-O 12. Ne5 Bxe2 13. Qxe2 Rd8 14. Rad1 Nd7 15. Nf3 Qe7 16. Rd3 Nf6 17. Rfd1 Rd7 18. Ne5 Rc7 19. f4 Ba5 20. Rg3 Nd7 21. Qh5 Kh8 22. Nxf7+ Kg8 23. Nxh6+ Kf8 24. Qxa5 Nf6 25. Ng4 b6 26. Qg5 Rd8 27. Nxf6 Qxf6 28. Qxf6+ gxf6 29. Rgd3 Rcd7 30. Kf2 b5 31. a3 a5 32. Ke2 Rh7 33. h3 Rdd7 34. d5 cxd5 35. exd5 exd5 36. Rxd5 Rde7+ 37. Kf3 1-0

[Event "Landesklasse West 2024/25"]
[Site "?"]
[Date "2024.12.08"]
[Round "4.5"]
[White "Schwiderski, Waldemar"]
[Black "Crivellaro, Heiko"]
[Result "1/2-1/2"]
[WhiteElo "1457"]
[BlackElo "1821"]
[PlyCount "81"]
[EventDate "2024.09.15"]
[EventType "team-tourn"]
[EventRounds "9"]
[WhiteTeam "VfB 1919 Vacha"]
[BlackTeam "SG Barchfeld/Breitungen"]

1. e4 e5 2. Nc3 Nf6 3. Nf3 Nc6 4. Bc4 Nxe4 5. Bxf7+ Kxf7 6. Nxe4 Be7 7. d3 h6 8. Be3 d5 9. Ng3 Rf8 10. a3 Kg8 11. h3 b6 12. d4 e4 13. Nh2 Bg5 14. Qd2 Bxe3 15. Qxe3 Ba6 16. O-O-O Qd6 17. Ngf1 Rae8 18. Rd2 Ne7 19. Qg3 Qc6 20. Ne3 Bc8 21. Nhg4 Kh7 22. f3 Ng6 23. Rf1 exf3 24. Rxf3 Rxf3 25. Qxf3 Bxg4 26. Nxg4 Qe6 27. Rd1 c6 28. Qd3 Kg8 29. Rf1 h5 30. Nh2 Rf8 31. Rxf8+ Nxf8 32. Nf3 Qf6 33. c3 g6 34. Kc2 Kg7 35. Qe3 Qf5+ 36. Qd3 Qe6 37. Qd2 Nd7 38. b4 Nf6 39. Kb2 Ne4 40. Qe2 Qd6 41. Ne5 1/2-1/2

[Event "Landesklasse West 2024/25"]
[Site "?"]
[Date "2024.12.08"]
[Round "4.6"]
[White "Schmidt, Kevin"]
[Black "Bock, Hans-Juergen"]
[Result "1-0"]
[WhiteElo "1620"]
[BlackElo "1372"]
[PlyCount "61"]
[EventDate "2024.09.15"]
[EventType "team-tourn"]
[EventRounds "9"]
[WhiteTeam "SG Barchfeld/Breitungen"]
[BlackTeam "VfB 1919 Vacha"]

{[%evp 0,61,25,21,21,-11,24,19,67,67,72,72,84,84,124,117,120,107,158,148,137,120,121,81,286,286,313,313,312,305,332,331,331,323,335,335,327,305,311,347,327,364,371,371,917,321,1404,460,466,463,463,465,638,552,636,633,1229,1310,1332,1487,1481,1554,29995,904]} 1. d4 d5 2. c4 dxc4 3. e4 e6 4. Bxc4 Bb4+ 5. Nc3 Ne7 6. Nf3 Bxc3+ 7. bxc3 O-O 8. Ba3 c6 9. O-O Nd7 10. Bb3 Re8 11. Ng5 Nf6 12. e5 Nfd5 13. Qh5 h6 14. Nxf7 Qd7 15. Nd6 Rf8 16. c4 Nf4 17. Qg4 h5 18. Qg5 Ne2+ 19. Kh1 Nf5 20. Ne4 Qxd4 21. Bxf8 Kxf8 22. Nd6 Kg8 23. Rad1 Qxe5 24. Qd8+ Kh7 25. Bc2 b5 26. Bxf5+ exf5 27. Nf7 Qf4 28. Ng5+ Kg6 29. Rd6+ Qxd6 30. Qxd6+ Kxg5 31. Qe7+ 1-0

[Event "Landesklasse West 2024/25"]
[Site "?"]
[Date "2024.12.08"]
[Round "4.7"]
[White "Stepper, Matthias"]
[Black "Reum, Lutz"]
[Result "0-1"]
[WhiteElo "1575"]
[BlackElo "1714"]
[PlyCount "154"]
[EventDate "2024.09.15"]
[EventType "team-tourn"]
[EventRounds "9"]
[WhiteTeam "VfB 1919 Vacha"]
[BlackTeam "SG Barchfeld/Breitungen"]

{[%evp 0,154,25,21,29,-9,0,-6,10,15,39,-3,45,49,52,60,48,39,14,20,33,9,24,6,67,67,52,-7,-6,-5,0,-5,20,-29,2,-37,24,-12,-10,-23,-9,-2,6,23,24,-5,-9,-27,-33,-35,-42,-133,-122,-112,-144,-163,-162,-175,-180,-177,-186,-199,-167,-232,-212,-276,-222,-261,-137,-175,-159,-159,-161,-176,-162,-158,-173,-341,-288,-296,-147,-160,-163,-211,-257,-257,-216,-210,-222,-228,-235,-237,-230,-248,-248,-303,-227,-232,-208,-306,-320,-344,-310,-332,-375,-420,-428,-428,-428,-484,-473,-505,-505,-505,-509,-509,-509,-509,-585,-590,-585,-590,-585,-590,-585,-677,-780,-846,-767,-29985,-826,-693,-1055,-1460,-765,-855,-1194,-1222,-1404,-1404,-377,-1404,-1013,-1404,-1404,-1404,-2558,-2558,-2462,-2558,-29976,-29977,-29982,-29985,-29986,-29987,-29988]} 1. d4 Nf6 2. c4 e6 3. Nc3 Bb4 4. Bd2 d5 5. a3 Be7 6. Nf3 b6 7. cxd5 exd5 8. Bg5 O-O 9. e3 h6 10. Bh4 Bb7 11. Rc1 Ne4 12. Bxe7 Qxe7 13. Bd3 c5 14. O-O Nd7 15. Re1 Rac8 16. Bb1 Rfd8 17. h3 a6 18. Qb3 c4 19. Qc2 Ndf6 20. Ne5 h5 21. Qe2 Nxc3 22. Rxc3 b5 23. Rec1 a5 24. Bf5 Ra8 25. R3c2 g6 26. Nxg6 fxg6 27. Bxg6 h4 28. Rd2 Rd6 29. Bc2 Re8 30. Rdd1 Qg7 31. b3 Ne4 32. Rf1 Rg6 33. Bxe4 dxe4 34. Kh1 Bd5 35. Qh5 Qf7 36. b4 a4 37. Qxh4 Kg7 38. g4 Qf3+ 39. Kh2 Qf6 40. Qxf6+ Rxf6 41. Kg3 Rf3+ 42. Kg2 Rh8 43. Rh1 Rh4 44. Rh2 Kg6 45. Rg1 Kg5 46. Rc1 Rh7 47. Rf1 c3 48. Rc1 Rc7 49. Rhh1 Kh4 50. Rh2 Bc4 51. g5 Kxg5 52. h4+ Kh5 53. Kh1 Bd3 54. Rg1 Kh6 55. Rhg2 Rh3+ 56. Rh2 Rxh2+ 57. Kxh2 c2 58. Rc1 Kh5 59. Kg3 Rf7 60. Re1 Be2 61. Rc1 Bd1 62. Kg2 Kxh4 63. Kf1 Kg4 64. Kg2 Bf3+ 65. Kf1 Rh7 66. Ke1 Rh1+ 67. Kd2 Rd1+ 68. Kxc2 Rxc1+ 69. Kxc1 Be2 70. Kd2 Bc4 71. Kc3 Bd5 72. Kd2 Kf3 73. Ke1 Bc4 74. Kd1 Kxf2 75. Kd2 Bd5 76. Kc2 Kxe3 77. Kc3 Kf2 0-1

[Event "Landesklasse West 2024/25"]
[Site "?"]
[Date "2024.12.08"]
[Round "4.8"]
[White "Heß, Wolfgang"]
[Black "Blochwitz, Tim"]
[Result "1/2-1/2"]
[WhiteElo "1626"]
[BlackElo "1334"]
[PlyCount "48"]
[EventDate "2024.09.15"]
[EventType "team-tourn"]
[EventRounds "9"]
[WhiteTeam "SG Barchfeld/Breitungen"]
[BlackTeam "VfB 1919 Vacha"]

{[%evp 0,48,25,25,86,81,86,74,74,87,70,15,84,68,49,49,86,88,90,48,65,76,131,108,107,107,160,103,130,33,22,2,2,-14,-14,-16,-16,-23,-23,-56,-15,-61,-55,-57,-44,-150,-141,-151,-151,-151,-69]} 1. e4 g6 2. d4 d6 3. Be3 Bg7 4. Nc3 Nf6 5. f4 Bg4 6. Be2 Bxe2 7. Qxe2 Nbd7 8. e5 Ng8 9. g4 e6 10. Nf3 Qe7 11. Qd2 a6 12. a3 d5 13. Kf2 f6 14. g5 fxe5 15. Nxe5 Nxe5 16. fxe5 Qf7+ 17. Kg2 Ne7 18. Rhf1 Nf5 19. Kh1 Qe7 20. Rf2 O-O 21. Ne2 Nxe3 22. Qxe3 Rxf2 23. Qxf2 Qxg5 24. Qf4 Qxf4 1/2-1/2

[Event "Landesklasse West 2024/25"]
[Site "?"]
[Date "2024.12.08"]
[Round "4.1"]
[White "Kuntze, Andreas"]
[Black "Kachel, Alfred"]
[Result "1/2-1/2"]
[WhiteElo "2022"]
[BlackElo "1860"]
[PlyCount "44"]
[EventDate "2024.09.15"]
[EventType "team-tourn"]
[EventRounds "9"]
[WhiteTeam "SC 1951 Nordhausen"]
[BlackTeam "SC Rochade Leinefelde"]

{[%evp 0,44,25,21,21,21,15,13,17,12,-1,-3,-3,-29,-29,-14,11,28,53,49,50,39,39,31,30,11,52,57,61,41,72,64,65,43,39,1,5,-25,-25,-3,-19,-19,-23,-21,-26,-40,-20]} 1. Nc3 d5 2. d4 Nf6 3. Bf4 e6 4. Nb5 Bb4+ 5. c3 Ba5 6. a4 a6 7. b4 axb5 8. axb5 b6 9. bxa5 bxa5 10. Nf3 Nbd7 11. Ne5 Nxe5 12. Bxe5 O-O 13. e3 Nd7 14. Bg3 Bb7 15. Bd3 c6 16. O-O cxb5 17. Bd6 Re8 18. Bxb5 Ba6 19. Qb1 Bxb5 20. Qxb5 Nb6 21. Bf4 Nc4 22. Rfb1 h6 1/2-1/2

[Event "Landesklasse West 2024/25"]
[Site "?"]
[Date "2024.12.08"]
[Round "4.2"]
[White "Meitzner, Jonathan Franz"]
[Black "Wabersich, Titus"]
[Result "1-0"]
[WhiteElo "1838"]
[BlackElo "1599"]
[PlyCount "49"]
[EventDate "2024.09.15"]
[EventType "team-tourn"]
[EventRounds "9"]
[WhiteTeam "SC Rochade Leinefelde"]
[BlackTeam "SC 1951 Nordhausen"]

{[%evp 0,49,25,21,21,-17,-6,-17,4,-16,-23,-24,34,28,28,-14,-23,-4,-16,-16,31,31,58,61,97,103,92,83,96,76,131,135,115,150,290,208,208,237,382,363,438,445,445,408,487,464,474,472,29997,29998,29999,-30000]} 1. d4 d5 2. c3 Nf6 3. Nf3 Bf5 4. Bf4 e6 5. e3 c5 6. Ne5 Qb6 7. Qb3 c4 8. Qxb6 axb6 9. Be2 Bxb1 10. Rxb1 Rxa2 11. Nxc4 Nbd7 12. Nd6+ Bxd6 13. Bxd6 Ne4 14. Bb4 Ra8 15. f3 Nef6 16. Bb5 Ng8 17. Kd2 Ne7 18. Ra1 Rd8 19. Ra7 Nc6 20. Rxb7 Nxb4 21. cxb4 Ke7 22. Rc1 Rhe8 23. Rcc7 Kd6 24. Rxd7+ Rxd7 25. Rxd7# 1-0

[Event "Landesklasse West 2024/25"]
[Site "?"]
[Date "2024.12.08"]
[Round "4.3"]
[White "Rohde, Ragnar"]
[Black "Pfitzenreuter, Gerald"]
[Result "1/2-1/2"]
[WhiteElo "1863"]
[BlackElo "1596"]
[PlyCount "41"]
[EventDate "2024.09.15"]
[EventType "team-tourn"]
[EventRounds "9"]
[WhiteTeam "SC 1951 Nordhausen"]
[BlackTeam "SC Rochade Leinefelde"]

{[%evp 0,41,25,21,21,25,25,10,50,29,37,-22,-33,-50,21,-34,52,51,32,34,31,37,37,43,28,28,42,37,36,16,21,18,30,36,54,25,30,20,32,15,20,14,13,22]} 1. d4 d5 2. Nf3 Nf6 3. e3 c6 4. Bd3 Bg4 5. c3 Nbd7 6. Nbd2 Bh5 7. Qe2 Bg6 8. e4 dxe4 9. Nxe4 Nxe4 10. Bxe4 Bxe4 11. Qxe4 e6 12. O-O Be7 13. Bf4 O-O 14. Ne5 Nf6 15. Qe2 Qd5 16. Rfe1 Qa5 17. Bg5 Rad8 18. Bh4 Nd5 19. Bg3 c5 20. dxc5 Qxc5 21. Rad1 1/2-1/2

[Event "Landesklasse West 2024/25"]
[Site "?"]
[Date "2024.12.08"]
[Round "4.4"]
[White "Hellrung, Bernhard"]
[Black "Onnen, Erik"]
[Result "1/2-1/2"]
[WhiteElo "1808"]
[BlackElo "1516"]
[PlyCount "70"]
[EventDate "2024.09.15"]
[EventType "team-tourn"]
[EventRounds "9"]
[WhiteTeam "SC Rochade Leinefelde"]
[BlackTeam "SC 1951 Nordhausen"]

{[%evp 0,70,25,25,70,74,70,67,53,76,58,24,50,34,52,18,83,65,65,55,52,52,78,68,70,86,84,80,85,57,85,85,85,109,98,79,73,57,85,87,82,37,17,-10,20,27,28,26,12,7,12,7,46,-15,0,0,0,-29,-41,-89,123,87,151,107,159,159,302,42,26,19,55,6,43]} 1. e4 b6 2. d4 Bb7 3. Bd3 e6 4. Nf3 Nf6 5. Qe2 Be7 6. Bg5 d5 7. e5 Ng4 8. Bxe7 Qxe7 9. h3 Nh6 10. c3 Nd7 11. Nbd2 c5 12. O-O c4 13. Bc2 b5 14. a3 a5 15. Rfe1 b4 16. axb4 axb4 17. Rxa8+ Bxa8 18. Ba4 b3 19. Ra1 O-O 20. Bxd7 Qxd7 21. Nf1 Bc6 22. Ne3 Qb7 23. Kh2 Ra8 24. Rxa8+ Qxa8 25. g4 f6 26. g5 fxg5 27. Nxg5 Qe8 28. f4 Qg6 29. h4 Nf7 30. h5 Qh6 31. Qg4 Bd7 32. Kg3 g6 33. Nxf7 Kxf7 34. hxg6+ Qxg6 35. Qxg6+ Kxg6 1/2-1/2

[Event "Landesklasse West 2024/25"]
[Site "?"]
[Date "2024.12.08"]
[Round "4.5"]
[White "Hüllenhagen, Andreas"]
[Black "Frank, Thomas"]
[Result "1/2-1/2"]
[WhiteElo "1712"]
[BlackElo "1816"]
[PlyCount "82"]
[EventDate "2024.09.15"]
[EventType "team-tourn"]
[EventRounds "9"]
[WhiteTeam "SC 1951 Nordhausen"]
[BlackTeam "SC Rochade Leinefelde"]

{[%evp 0,82,25,-6,-6,-55,13,18,25,12,21,5,-20,-25,-20,-20,17,2,8,-13,4,2,20,-13,32,5,40,41,36,36,51,51,59,34,50,31,65,48,48,59,61,33,44,37,45,42,24,6,6,10,23,20,28,23,25,-34,-35,-29,-14,-46,-44,-37,-6,-36,-11,-38,-49,-11,-9,-80,-52,-65,-74,-63,-58,-65,-74,-111,-86,-81,-65,-47,-53,-73,21]} 1. c4 Nf6 2. g3 d6 3. Bg2 g6 4. Nc3 Bg7 5. e4 c5 6. Nge2 Nc6 7. d3 e6 8. O-O O-O 9. h3 a6 10. a3 Rb8 11. Rb1 Qc7 12. Be3 b5 13. cxb5 axb5 14. b4 cxb4 15. axb4 Bd7 16. f4 Rfc8 17. Qb3 Ne7 18. Rfc1 Qd8 19. g4 h6 20. Na2 Rxc1+ 21. Rxc1 Rc8 22. Rxc8 Qxc8 23. Qc3 Qa8 24. Qb3 Qa6 25. Kf2 h5 26. g5 Ne8 27. d4 Nc8 28. Nac3 Nb6 29. Qa2 Qxa2 30. Nxa2 Nc4 31. Nec3 Nc7 32. Bf1 d5 33. exd5 exd5 34. Bg2 Bc6 35. Nc1 Nb2 36. Ke2 Bf8 37. N1a2 Bd6 38. Bc1 Nc4 39. Kd3 Kf8 40. h4 Ke7 41. Ne2 Na6 1/2-1/2

[Event "Landesklasse West 2024/25"]
[Site "?"]
[Date "2024.12.08"]
[Round "4.7"]
[White "Göbel, Klaus"]
[Black "Montag, Andreas"]
[Result "0-1"]
[WhiteElo "1221"]
[BlackElo "1716"]
[PlyCount "126"]
[EventDate "2024.09.15"]
[EventType "team-tourn"]
[EventRounds "9"]
[WhiteTeam "SC 1951 Nordhausen"]
[BlackTeam "SC Rochade Leinefelde"]

{[%evp 0,126,25,21,25,25,21,10,43,-19,-20,-6,-4,-1,-1,-20,-7,-33,-20,-17,-21,-21,4,-21,-13,-25,-23,-3,12,7,11,-3,11,-1,1,-19,36,43,39,3,20,3,20,-12,0,-31,-31,-30,-6,-39,7,-27,-22,-77,24,-37,-74,-65,-54,-63,-16,-18,-44,-78,-82,-125,-139,-140,-140,-140,-130,-153,-133,-157,-135,-141,-75,-64,-63,-203,-66,-120,-141,-128,-145,-145,-160,-142,-92,-100,-96,-159,-163,-173,-152,-159,-159,-223,-243,-243,-243,-331,-232,-216,-191,-232,-216,-229,-230,-230,-222,-391,-398,-434,-409,-409,-423,-432,-426,-499,-592,-636,-541,-549,-587,-603,-553,-601,-618]} 1. d4 d5 2. Nf3 e6 3. e3 c5 4. c3 Nc6 5. Bd3 Nf6 6. Nbd2 Bd6 7. Qe2 e5 8. dxe5 Nxe5 9. Nxe5 Bxe5 10. Nf3 Bd6 11. O-O O-O 12. h3 Re8 13. b3 a6 14. Bb2 b5 15. Rfd1 Bb7 16. Bc2 Qe7 17. b4 Rad8 18. bxc5 Bxc5 19. Nd4 Ne4 20. Qd3 Qh4 21. Qf1 Qg5 22. Nf3 Qf6 23. Rab1 Qb6 24. Nd4 Qh6 25. Nf5 Qg5 26. Nd4 Qf6 27. f3 Nd6 28. Qf2 Nc4 29. Bc1 Qe5 30. f4 Qf6 31. Bd3 Bc8 32. Bxc4 dxc4 33. Qf3 Bf5 34. Rb2 Be4 35. Qf2 Qg6 36. g4 Ba3 37. Rbd2 Bxc1 38. Rxc1 Bd3 39. f5 Qg5 40. Re1 h5 41. Nf3 Qf6 42. Nd4 hxg4 43. hxg4 Re4 44. Qg3 Rde8 45. g5 Qe5 46. Qxe5 R4xe5 47. Kf2 Bxf5 48. Nxf5 Rxf5+ 49. Ke2 Rxg5 50. Rd6 Rge5 51. Kd2 R5e6 52. Rd5 Kf8 53. a4 bxa4 54. Rc5 Rd8+ 55. Ke2 Rd3 56. Kf3 Rxc3 57. Kf4 a3 58. Ra5 Rb3 59. e4 Rf6+ 60. Ke5 Rb5+ 61. Rxb5 axb5 62. Kd4 Rf3 63. Rb1 Rb3 0-1

[Event "Landesklasse West 2024/25"]
[Site "?"]
[Date "2024.12.08"]
[Round "4.8"]
[White "Körner, Jonas"]
[Black "Kobayashi, Shota"]
[Result "1-0"]
[WhiteElo "1583"]
[BlackElo "1287"]
[PlyCount "63"]
[EventDate "2024.09.15"]
[EventType "team-tourn"]
[EventRounds "9"]
[WhiteTeam "SC Rochade Leinefelde"]
[BlackTeam "SC 1951 Nordhausen"]

{[%evp 0,63,25,25,77,69,74,57,90,22,18,14,18,18,19,7,38,31,38,31,86,49,78,67,43,43,50,44,44,44,205,45,43,64,58,43,51,-65,109,65,72,90,135,125,141,190,223,177,176,186,370,408,406,442,624,536,587,567,620,712,734,798,2305,2715,29993,29994]} 1. e4 c6 2. d4 d5 3. e5 c5 4. c3 Nc6 5. Be2 Bf5 6. Nf3 e6 7. O-O Nge7 8. dxc5 Ng6 9. b4 a5 10. Bb5 Be7 11. Nd4 Ngxe5 12. f4 Nd7 13. Nxf5 exf5 14. Qxd5 Qc7 15. Bxc6 Qxc6 16. Qxc6 bxc6 17. Nd2 O-O 18. Bb2 Bf6 19. Nc4 axb4 20. cxb4 Rab8 21. Bxf6 Nxf6 22. Nb6 Rfe8 23. Rfe1 Rxe1+ 24. Rxe1 Nd5 25. Nxd5 cxd5 26. c6 g6 27. c7 Rc8 28. Rc1 Kf8 29. b5 Ke7 30. b6 Kd6 31. b7 Rxc7 32. b8=Q 1-0

[Event "Thüringenliga 2024/25"]
[Site "?"]
[Date "2025.01.19"]
[Round "5.1"]
[White "Recknagel, Michael"]
[Black "Zipfel, Frank"]
[Result "1-0"]
[WhiteElo "2084"]
[BlackElo "2005"]
[PlyCount "117"]
[EventDate "2024.09.15"]
[EventType "team-tourn"]
[EventRounds "9"]
[WhiteTeam "SC Suhl"]
[BlackTeam "fuß brothers Jena"]

1. e4 c5 2. Nf3 Nc6 3. Bb5 Nf6 4. Bxc6 dxc6 5. d3 g6 6. O-O Bg7 7. h3 O-O 8. a4 a5 9. Na3 b6 10. Bd2 Ne8 11. Bc3 Ba6 12. Qd2 Nc7 13. Bxg7 Kxg7 14. Qc3+ f6 15. Nc4 Ne6 16. Qb3 Bxc4 17. Qxc4 Nd4 18. Nxd4 Qxd4 19. Qb3 Rab8 20. Qe6 Qd6 21. Qb3 Rfd8 22. Rad1 Qe5 23. g3 b5 24. c3 b4 25. Qc4 Rd7 26. Rd2 Rbd8 27. Rfd1 g5 28. Rf1 Rd6 29. Kh2 h5 30. f4 Qe6 31. Qxe6 Rxe6 32. Rfd1 Red6 33. Kg2 c4 34. d4 e6 35. Kf3 Kf7 36. Ke3 bxc3 37. bxc3 Rb8 38. fxg5 Rb3 39. gxf6 Rxc3+ 40. Kf4 Rd8 41. e5 Rb8 42. g4 Rxh3 43. gxh5 Rbb3 44. Rg2 Rxh5 45. Rg7+ Kf8 46. Rdg1 Rh4+ 47. Kg5 Rbh3 48. Rg4 Rxg4+ 49. Kxg4 Rd3 50. Rc7 Rxd4+ 51. Kg5 Re4 52. Rxc6 Kf7 53. Rc7+ Kf8 54. Rc5 Kf7 55. Rxa5 c3 56. Ra7+ Ke8 57. Rc7 Rxa4 58. f7+ Kf8 59. Kf6 1-0

[Event "Thüringenliga 2024/25"]
[Site "?"]
[Date "2025.01.19"]
[Round "5.2"]
[White "Latka, Richard"]
[Black "Berghof, Axel"]
[Result "1/2-1/2"]
[WhiteElo "1903"]
[BlackElo "2042"]
[PlyCount "99"]
[EventDate "2024.09.15"]
[EventType "team-tourn"]
[EventRounds "9"]
[WhiteTeam "fuß brothers Jena"]
[BlackTeam "SC Suhl"]

1. e4 c6 2. d4 d5 3. exd5 cxd5 4. Bd3 g6 5. Nf3 Bg7 6. O-O Nc6 7. c3 Nh6 8. Re1 O-O 9. h3 f6 10. Bf4 Nf7 11. c4 Nb4 12. cxd5 Nxd3 13. Qxd3 Qxd5 14. Rxe7 Bf5 15. Qb3 Qxb3 16. axb3 g5 17. Bh2 Rfe8 18. Rxb7 Be4 19. Rb4 Bxf3 20. gxf3 Re1+ 21. Kg2 f5 22. f4 Rc8 23. fxg5 Nxg5 24. Bf4 Ne4 25. Be3 Rf8 26. Bf4 Re2 27. Be3 f4 28. Kf3 fxe3+ 29. Kxe2 exf2 30. Nd2 Nxd2 31. Kxd2 f1=Q 32. Rxf1 Rxf1 33. Rb8+ Bf8 34. Kd3 a5 35. Ra8 Rf5 36. Kc4 Kf7 37. d5 Bb4 38. Ra7+ Kg6 39. d6 Rf6 40. d7 Rf8 41. Kb5 Rd8 42. Kc6 Kf6 43. Rc7 Ke7 44. Ra7 h5 45. Rc7 h4 46. Ra7 Bd2 47. Rb7 Bb4 48. Ra7 Rf8 49. Kc7 Rd8 50. Kc6 1/2-1/2

[Event "Thüringenliga 2024/25"]
[Site "?"]
[Date "2025.01.19"]
[Round "5.3"]
[White "Feld-Gerdes, Wolfgang"]
[Black "Wicklein, Stefan"]
[Result "1/2-1/2"]
[WhiteElo "2053"]
[BlackElo "1940"]
[PlyCount "46"]
[EventDate "2024.09.15"]
[EventType "team-tourn"]
[EventRounds "9"]
[WhiteTeam "SC Suhl"]
[BlackTeam "fuß brothers Jena"]

1. e4 c5 2. c3 d5 3. exd5 Qxd5 4. d4 Nf6 5. Nf3 e6 6. Be3 cxd4 7. cxd4 Nc6 8. Nc3 Qd6 9. Bd3 Be7 10. O-O O-O 11. Rc1 a6 12. Qd2 Nb4 13. Bb1 Nbd5 14. Ne5 b6 15. a3 Bb7 16. f3 Nxe3 17. Qxe3 Rfd8 18. Rfd1 Rac8 19. Qd3 g6 20. Kh1 Bf8 21. Ba2 Bg7 22. Qf1 Nd5 23. Ne4 Qe7 1/2-1/2

[Event "Thüringenliga 2024/25"]
[Site "?"]
[Date "2025.01.19"]
[Round "5.4"]
[White "Richter, Sebastian"]
[Black "Koch, Stefan"]
[Result "1/2-1/2"]
[WhiteElo "1857"]
[BlackElo "1902"]
[PlyCount "27"]
[EventDate "2024.09.15"]
[EventType "team-tourn"]
[EventRounds "9"]
[WhiteTeam "fuß brothers Jena"]
[BlackTeam "SC Suhl"]

1. e4 d5 2. exd5 Qxd5 3. Nc3 Qd6 4. d4 Nf6 5. Nf3 Bg4 6. h3 Bxf3 7. Qxf3 c6 8. Bf4 Qxd4 9. Rd1 Qb6 10. Bc4 Nbd7 11. O-O e6 12. g4 h6 13. Rfe1 O-O-O 14. a3 1/2-1/2

[Event "Thüringenliga 2024/25"]
[Site "?"]
[Date "2025.01.19"]
[Round "5.5"]
[White "Trautmann, Johannes"]
[Black "Latka, Robert"]
[Result "0-1"]
[WhiteElo "1818"]
[BlackElo "1890"]
[PlyCount "88"]
[EventDate "2024.09.15"]
[EventType "team-tourn"]
[EventRounds "9"]
[WhiteTeam "SC Suhl"]
[BlackTeam "fuß brothers Jena"]

1. c4 Nf6 2. Nc3 d5 3. cxd5 Nxd5 4. g3 g6 5. Bg2 Nxc3 6. bxc3 Bg7 7. Rb1 c6 8. Nf3 O-O 9. O-O Nd7 10. c4 Nf6 11. d3 Qa5 12. Qc2 Re8 13. Bd2 Qc7 14. Bc3 e5 15. Qb2 Nd7 16. a4 Nc5 17. Qa3 Ne6 18. Qb2 f6 19. Rfd1 b6 20. a5 Rb8 21. Qa3 b5 22. cxb5 cxb5 23. Bb4 Bf8 24. Rdc1 Bxb4 25. Qxb4 Qe7 26. Nd2 Qxb4 27. Rxb4 Nd4 28. Kf1 Bg4 29. Bd5+ Kf8 30. e3 Bh3+ 31. Ke1 Red8 32. Ba2 Ne6 33. Ke2 a6 34. Ne4 Ke7 35. Rb2 Rbc8 36. Rbc2 Ng5 37. Rc7+ Rxc7 38. Rxc7+ Rd7 39. Rc6 Bg4+ 40. f3 Bxf3+ 41. Kf2 Bxe4 42. dxe4 Rd2+ 43. Ke1 Rxa2 44. Rxa6 Nxe4 0-1

[Event "Thüringenliga 2024/25"]
[Site "?"]
[Date "2025.01.19"]
[Round "5.7"]
[White "Will, Ralph"]
[Black "Weingart, Lara"]
[Result "1/2-1/2"]
[WhiteElo "1735"]
[BlackElo "1399"]
[PlyCount "51"]
[EventDate "2024.09.15"]
[EventType "team-tourn"]
[EventRounds "9"]
[WhiteTeam "SC Suhl"]
[BlackTeam "fuß brothers Jena"]

1. d4 d5 2. c4 dxc4 3. Nc3 Nf6 4. Nf3 Bg4 5. e3 e6 6. Bxc4 Bd6 7. Be2 Nbd7 8. O-O O-O 9. h3 Bh5 10. e4 e5 11. Be3 Re8 12. d5 Nc5 13. Nd2 Bxe2 14. Qxe2 Qd7 15. Rfd1 Rad8 16. Bg5 Qe7 17. Nc4 h6 18. Bxf6 Qxf6 19. Nb5 a6 20. Ncxd6 cxd6 21. Nc3 Qg6 22. Rac1 f5 23. exf5 Qxf5 24. b4 Nd7 25. Ne4 Nf6 26. f3 1/2-1/2